[Event "Scheveningen"]
[Site "Monte Carlo"]
[Date "2004.02.02"]
[Round "1"]
[White "Efimov, Igor"]
[Black "Libiszewski, Fabien"]
[Result "1-0"]
[WhiteElo "2505"]
[BlackElo "2451"]
[PlyCount "83"]
[EventDate "2004.02.02"]
[Source "Roberto Alvarez"]
[SourceDate "2004.02.23"]

1. d4 Nf6 2. c4 g6 3. Nc3 Bg7 4. e4 d6 5. Nf3 O-O 6. Be3 e5 7. dxe5 dxe5 8. Qxd8 Rxd8 9. Nd5 Nxd5 10. cxd5 c6 11. Bc4 b5 12. Bb3 h6 13. Rc1 Bb7 14. O-O a5 15. a3 cxd5 16. Rc7 Rd7 17. Rxb7 Rxb7 18. Bxd5 Raa7 19. Bxa7 Rxa7 20. Rc1 Na6 21. Rc8+ Kh7 22. Kf1 Bf6 23. Ne1 Kg7 24. Nd3 b4 25. a4 Rc7 26. Ra8 Nc5 27. Nxc5 Rxc5 28. Ra7 Bg5 29. Rxf7+ Kh8 30. b3 Bc1 31. Rf8+ Kg7 32. Rf7+ Kh8 33. Bc4 Bb2 34. Ke2 Bd4 35. h4 Rc6 36. g3 Rd6 37. f4 exf4 38. gxf4 Rf6 39. Rd7 Bb2 40. e5 Rxf4 41. e6 Bf6 42. Rf7 1-0

[Event "White Knights"]
[Site "Leningrad"]
[Date "1984.??.??"]
[Round "?"]
[White "Rivas Pastor, Manuel"]
[Black "Kochyev, Alexander"]
[Result "1/2-1/2"]
[WhiteElo "2500"]
[BlackElo "2455"]
[PlyCount "27"]
[EventDate "1984.06.??"]
[Source "ChessBase"]

1. d4 Nf6 2. c4 g6 3. Nc3 Bg7 4. e4 d6 5. Be3 O-O 6. Nf3 c5 7. h3 cxd4 8. Nxd4 b6 9. g4 Bb7 10. Bg2 Nbd7 11. O-O Nc5 12. Qc2 Rc8 13. Rad1 Nfd7 14. f4 1/2-1/2

[Event "Ch"]
[Site "Belarus"]
[Date "1984.??.??"]
[Round "?"]
[White "Gelfand, Boris"]
[Black "Kovalev, Andrei"]
[Result "1/2-1/2"]
[WhiteElo "2510"]
[BlackElo "2440"]
[PlyCount "81"]
[EventDate "1984.??.??"]
[Source "www.chesslib.no"]
[SourceDate "2004.05.04"]

1. d4 Nf6 2. c4 g6 3. Nc3 Bg7 4. e4 d6 5. Nf3 O-O 6. Be3 Ng4 7. Bg5 f5 8. exf5 gxf5 9. Nd5 Rf7 10. h3 c6 11. hxg4 cxd5 12. gxf5 Bxf5 13. Bd3 dxc4 14. Bxc4 d5 15. Bd3 Qd7 16. Bh6 Nc6 17. Ng5 Nb4 18. Bxf5 Rxf5 19. Qd2 Qb5 20. Bxg7 Nd3+ 21. Kf1 Rxf2+ 22. Qxf2 Nxf2+ 23. Kxf2 Qxb2+ 24. Kg3 Qc3+ 25. Kh2 Kxg7 26. Rae1 Rg8 27. Rhf1 Qd2 28. Re5 Kg6 29. Nf7 h6 30. Re6+ Kg7 31. Nxh6 Qxh6+ 32. Rxh6 Kxh6 33. Re1 Re8 34. g4 Kg5 35. Kg3 Kf6 36. Rf1+ Kg6 37. Re1 e6 38. Kf4 b5 39. Ke5 b4 40. Kd6 a5 41. Kd7 1/2-1/2

[Event "Ciocaltea mem"]
[Site "Bucharest"]
[Date "1999.03.08"]
[Round "5"]
[White "Florean, Andrei"]
[Black "Vajda, Levente"]
[Result "1-0"]
[WhiteElo "2459"]
[BlackElo "2484"]
[PlyCount "87"]
[EventDate "1999.03.04"]
[Source "ChessBase"]
[SourceDate "1999.06.08"]

1. d4 Nf6 2. c4 g6 3. Nc3 Bg7 4. e4 d6 5. Nf3 O-O 6. Be3 Ng4 7. Bg5 h6 8. Bh4 Nc6 9. h3 Nf6 10. d5 Nb8 11. Be2 e5 12. Nd2 a5 13. a3 Qe8 14. b4 axb4 15. axb4 Rxa1 16. Qxa1 Nfd7 17. Nb5 g5 18. Bg3 Na6 19. Qa5 b6 20. Qa3 Ndb8 21. Bg4 f5 22. Bxf5 Bxf5 23. exf5 Qd7 24. Ne4 Qxf5 25. f3 h5 26. Ke2 g4 27. hxg4 hxg4 28. Rh4 gxf3+ 29. Qxf3 Qxf3+ 30. gxf3 Bf6 31. Rh6 Bd8 32. Be1 Nd7 33. Bd2 Bf6 34. Rh1 Rf7 35. Ra1 Ndb8 36. Na7 Kg7 37. Nc6 Rf8 38. Bc3 Kg6 39. f4 Bh8 40. fxe5 dxe5 41. Rg1+ Kh5 42. Rg5+ Kh6 43. Nxe5 Bxe5 44. Rxe5 1-0

[Event "BCF Ch"]
[Site "Southport ENG"]
[Date "1983.??.??"]
[Round "4"]
[White "Mestel, Jonathan"]
[Black "Hebden, Mark L"]
[Result "1/2-1/2"]
[WhiteElo "2505"]
[BlackElo "2435"]
[PlyCount "100"]
[EventDate "1983.08.??"]
[Source "www.chesslib.no"]
[SourceDate "2004.05.04"]

1. c4 g6 2. d4 Bg7 3. e4 d6 4. Nc3 Nf6 5. Nf3 O-O 6. Be3 c5 7. Be2 Ng4 8. Bg5 cxd4 9. Nxd4 Qb6 10. Bxg4 Bxg4 11. Qxg4 Qxb2 12. O-O Qxc3 13. Bxe7 h5 14. Qh4 Bxd4 15. Bxf8 Bf6 16. Qf4 Kxf8 17. Qxd6+ Ke8 18. e5 Be7 19. Qc7 Nd7 20. Qxb7 Rb8 21. Qc6 Qxe5 22. Rad1 Qe6 23. Qa4 Rc8 24. Qxa7 Ne5 25. Rfe1 Kf8 26. Qe3 f6 27. Qh6+ Kg8 28. Qxg6+ Nxg6 29. Rxe6 Rxc4 30. Rde1 Kf7 31. R6e4 Rc2 32. R4e2 Rc4 33. g3 Ne5 34. Kg2 Bc5 35. Re4 Rc3 36. R1e2 Ra3 37. Rc2 Nd3 38. Ree2 h4 39. Rc4 hxg3 40. fxg3 f5 41. Kf1 Ba7 42. Rec2 Ne5 43. R4c3 Ra4 44. Kg2 Ng4 45. Re2 Ne3+ 46. Kf3 Nd5 47. Rd3 Nf6 48. Rc2 Ng4 49. Re2 Bd4 50. Kg2 Ne3+ 1/2-1/2

[Event "NY"]
[Site "New York, NY USA"]
[Date "1986.??.??"]
[Round "?"]
[White "Zueger, Beat"]
[Black "Hulak, Krunoslav"]
[Result "0-1"]
[WhiteElo "2435"]
[BlackElo "2505"]
[PlyCount "118"]
[EventDate "1986.??.??"]
[Source "www.chesslib.no"]
[SourceDate "2004.05.04"]

1. c4 Nf6 2. Nc3 g6 3. e4 d6 4. d4 Bg7 5. Nf3 O-O 6. Be3 Nbd7 7. Nd2 e5 8. d5 Ne8 9. g4 Bf6 10. Nf3 Be7 11. Bd3 Ng7 12. Qe2 Nf6 13. h3 h5 14. Nh2 Nh7 15. O-O-O Bg5 16. Nf3 Bxe3+ 17. Qxe3 Qf6 18. Rhg1 Bd7 19. Ne2 a6 20. g5 Qe7 21. Nh4 b5 22. f4 bxc4 23. Bxc4 exf4 24. Nxf4 Rfe8 25. Rde1 Nf8 26. Qf2 Bb5 27. Bb3 a5 28. Nf5 Qd7 29. Nxg7 Kxg7 30. Bd1 Re5 31. Bxh5 Qe7 32. Qh4 Re8 33. Bf3 Nh7 34. Qh6+ Kh8 35. h4 Rg8 36. Rg3 Rg7 37. Reg1 Rxe4 38. Bxe4 Qxe4 39. Rg4 Qe3+ 40. Kb1 Bd7 41. R4g3 Qxf4 42. h5 Bf5+ 43. Ka1 Qe4 44. hxg6 Bxg6 45. Qh1 Rg8 46. Rd1 Qe5 47. Rc3 Rb8 48. Re1 Qxg5 49. Qh2 a4 50. a3 Qxd5 51. Rxc7 Kg7 52. Rh1 Qe5 53. Qh6+ Kg8 54. Rc3 d5 55. Rhc1 Nf8 56. Qd2 d4 57. Rc4 Ne6 58. Qh6 Rd8 59. Rg1 d3 0-1

[Event "Copenhagen Open 16th"]
[Site "Copenhagen DEN"]
[Date "1994.??.??"]
[Round "5"]
[White "Hutters, Tomas"]
[Black "Baburin, Alexander E"]
[Result "0-1"]
[WhiteElo "2420"]
[BlackElo "2520"]
[PlyCount "80"]
[EventDate "1994.06.??"]
[Source "www.chesslib.no"]
[SourceDate "2004.05.04"]

1. Nf3 Nf6 2. c4 g6 3. Nc3 Bg7 4. e4 d6 5. d4 O-O 6. Be3 c6 7. h3 Nbd7 8. Bd3 e5 9. O-O Qe7 10. Re1 exd4 11. Bxd4 Ne5 12. Be2 Nfd7 13. Rc1 Bh6 14. Rc2 Nc5 15. Bf1 f5 16. Nxe5 dxe5 17. exf5 Bxf5 18. Rxe5 Bxc2 19. Rxe7 Bxd1 20. Bxc5 Bc2 21. Rxb7 Rf7 22. Rxf7 Kxf7 23. Be2 Bg7 24. Bf3 Rb8 25. Bxc6 Rxb2 26. Bd5+ Ke8 27. Nb5 Be5 28. Bc6+ Kd8 29. g3 a6 30. Bb6+ Kc8 31. Na7+ Kb8 32. c5 Bc7 33. Bd5 Ba4 34. Nc6+ Bxc6 35. Bxc6 Rxa2 36. Bd5 Rb2 37. Bxc7+ Kxc7 38. h4 a5 39. Bg8 h6 40. f4 a4 0-1

[Event "IV Open, Malaga ESP"]
[Site "?"]
[Date "2001.??.??"]
[Round "6"]
[White "Peralta, F."]
[Black "Arencibia, W."]
[Result "1/2-1/2"]
[WhiteElo "2405"]
[BlackElo "2530"]
[PlyCount "97"]
[EventDate "2001.??.??"]
[Source "www.chesslib.no"]
[SourceDate "2004.05.04"]

1. Nf3 g6 2. d4 Bg7 3. c4 Nf6 4. Nc3 O-O 5. e4 d6 6. Be3 c5 7. dxc5 Qa5 8. Qd2 dxc5 9. Nd5 Qxd2+ 10. Nxd2 Nxd5 11. cxd5 b6 12. O-O-O Bb7 13. g4 Nd7 14. g5 Rad8 15. f4 f5 16. Bc4 Kh8 17. h4 Bd4 18. Bxd4+ cxd4 19. h5 Kg7 20. h6+ Kh8 21. Rhe1 Rfe8 22. Kb1 a6 23. exf5 gxf5 24. Nb3 b5 25. Bd3 Bxd5 26. Bxf5 Bxb3 27. axb3 Nf8 28. Bd3 e6 29. Rc1 Rc8 30. Re4 Rxc1+ 31. Kxc1 Rd8 32. Re5 Nd7 33. Re1 Nc5 34. Kc2 Rf8 35. b4 Nxd3 36. Kxd3 Rxf4 37. Rxe6 Kg8 38. Re7 Rg4 39. Rg7+ Kh8 40. b3 Rg3+ 41. Kxd4 Rxb3 42. Kc5 Ra3 43. Kd5 Ra1 44. Ra7 Kg8 45. Ra8+ Kf7 46. Rh8 Kg6 47. Rg8+ Kh5 48. Rg7 a5 49. bxa5 1/2-1/2

[Event "Bucharest"]
[Site "Bucharest"]
[Date "1993.??.??"]
[Round "?"]
[White "Tseitlin, Mikhail S"]
[Black "Zaitsev, Igor A"]
[Result "0-1"]
[WhiteElo "2485"]
[BlackElo "2450"]
[PlyCount "166"]
[EventDate "1993.02.??"]
[Source "ChessBase"]

1. d4 Nf6 2. c4 g6 3. Nc3 Bg7 4. e4 d6 5. Nf3 O-O 6. Be3 Nc6 7. d5 Nb4 8. Be2 e6 9. O-O Re8 10. dxe6 Bxe6 11. Qb3 a5 12. a3 Nc6 13. Qxb7 Bd7 14. Nd5 Rc8 15. Rad1 Nxe4 16. b4 axb4 17. axb4 Ne7 18. Ng5 Nc3 19. Nxc3 Bc6 20. Qa6 Ra8 21. Ba7 Bxc3 22. c5 Bf6 23. cxd6 cxd6 24. h4 Qd7 25. b5 Rxa7 26. bxc6 Nxc6 27. Qc4 Nd4 28. Rxd4 Bxd4 29. Bf3 Bf6 30. Nxf7 Kg7 31. Ng5 Rc7 32. Qd3 d5 33. Rd1 d4 34. g3 Bxg5 35. hxg5 Rd8 36. Kg2 Qf5 37. Qd2 Rc2 38. Qb4 Qd7 39. Re1 Rc7 40. Qb6 Qd6 41. Qb3 Re7 42. Rd1 Qe5 43. Qb6 Rd6 44. Qb4 d3 45. Re1 Qxe1 46. Qxd6 Qe5 47. Qxd3 Qxg5 48. Qd8 Qf6 49. Qd2 Rf7 50. Qe3 h5 51. Qe4 Rd7 52. Qa4 Rd4 53. Qe8 Rd8 54. Qe4 Rf8 55. Qe3 Rf7 56. Qe4 Re7 57. Qc4 Rd7 58. Qa4 Rd4 59. Qe8 h4 60. gxh4 Rxh4 61. Qd7+ Kh6 62. Qd2+ Rf4 63. Qe3 Qg5+ 64. Kf1 Qf6 65. Kg2 Qg5+ 66. Kf1 Rf6 67. Qxg5+ Kxg5 68. Kg2 Kh4 69. Be2 g5 70. Bf3 Rf4 71. Be2 g4 72. Bb5 Rf6 73. Be2 Rd6 74. Bb5 Rd2 75. Kg1 Rd1+ 76. Kg2 Rd6 77. Bc4 Rd2 78. Kg1 g3 79. fxg3+ Kxg3 80. Kf1 Kf3 81. Ke1 Ke3 82. Kf1 Rf2+ 83. Kg1 Rf3 0-1

[Event "AUT-chT2S 9596"]
[Site "Austria"]
[Date "1995.??.??"]
[Round "?"]
[White "Robatsch, Karl"]
[Black "Groszpeter, Attila"]
[Result "0-1"]
[WhiteElo "2410"]
[BlackElo "2520"]
[PlyCount "80"]
[EventDate "1995.??.??"]
[Source "www.chesslib.no"]
[SourceDate "2004.05.04"]

1. Nf3 Nf6 2. c4 g6 3. Nc3 Bg7 4. e4 d6 5. d4 O-O 6. Be3 e5 7. dxe5 dxe5 8. Qc2 Nbd7 9. Rd1 Re8 10. c5 c6 11. b4 Qe7 12. Bc4 Nf8 13. Ng5 Be6 14. Nxe6 Nxe6 15. Bxe6 Qxe6 16. Qe2 Nh5 17. Rd6 Qc8 18. O-O Nf4 19. Qf3 Ne6 20. Rfd1 Nd4 21. Qh3 Qxh3 22. gxh3 a5 23. b5 cxb5 24. Rb6 b4 25. Nb5 Rec8 26. Nxd4 exd4 27. Bxd4 Bxd4 28. Rxd4 Rxc5 29. Rxb7 Rc2 30. Rdd7 Rf8 31. Ra7 Rxa2 32. Rdb7 Ra3 33. e5 b3 34. e6 a4 35. Rb4 Ra2 36. e7 Re8 37. Raxa4 Rxe7 38. Rb8+ Kg7 39. Rab4 Ree2 40. Rxb3 Rxf2 0-1

[Event "Hoogovens-B"]
[Site "Wijk aan Zee NED"]
[Date "1988.01.??"]
[Round "1"]
[White "Cifuentes Parada, Roberto"]
[Black "Krnic, Zdenko"]
[Result "1/2-1/2"]
[WhiteElo "2530"]
[BlackElo "2400"]
[PlyCount "114"]
[EventDate "1988.01.??"]
[Source "www.chesslib.no"]
[SourceDate "2004.05.04"]

1. d4 Nf6 2. Nf3 g6 3. c4 Bg7 4. Nc3 O-O 5. e4 d6 6. Be3 c6 7. Be2 a6 8. O-O b5 9. a3 bxc4 10. Bxc4 d5 11. Bd3 dxe4 12. Nxe4 Nd5 13. Rc1 Bg4 14. h3 Bxf3 15. Qxf3 Nxe3 16. fxe3 e5 17. Nf6+ Kh8 18. Rc4 Ra7 19. Kh1 a5 20. Bc2 exd4 21. exd4 Qxf6 22. Qxf6 Bxf6 23. Rxf6 Rd8 24. Kg1 Kg7 25. Rf4 Rb7 26. b3 Rb5 27. Kf2 Rd6 28. Rf3 Rbd5 29. Ke3 f5 30. g4 fxg4 31. hxg4 Nd7 32. Be4 Rb5 33. b4 Rb6 34. g5 axb4 35. axb4 h6 36. gxh6+ Kxh6 37. Rh3+ Kg7 38. Rg3 Kh6 39. Rg1 Re6 40. Kd3 Ra6 41. Rh1+ Kg7 42. Rhc1 Rd6 43. Ke3 Nb8 44. Kf4 Rb6 45. Ra1 Rf6+ 46. Kg5 Rb5+ 47. Kg4 Rf7 48. Ra4 Rfb7 49. Kf4 Rf7+ 50. Ke3 Rh5 51. Bxc6 Re7+ 52. Kf2 Nxc6 53. Rxc6 Rf5+ 54. Kg3 Re3+ 55. Kg2 Re2+ 56. Kg3 Re3+ 57. Kg2 Re2+ 1/2-1/2

[Event "Lugano Open"]
[Site "Lugano SUI"]
[Date "1988.??.??"]
[Round "?"]
[White "Pavlovic, Milos"]
[Black "Zueger, Beat"]
[Result "1-0"]
[WhiteElo "2460"]
[BlackElo "2470"]
[PlyCount "81"]
[EventDate "1988.03.??"]
[Source "www.chesslib.no"]
[SourceDate "2004.05.04"]

1. d4 Nf6 2. Nf3 g6 3. c4 Bg7 4. Nc3 O-O 5. e4 d6 6. Be3 Bg4 7. h3 Bxf3 8. Qxf3 Nc6 9. d5 Ne5 10. Qe2 c6 11. f4 Ned7 12. g4 cxd5 13. cxd5 Qa5 14. Bg2 Rac8 15. O-O Nb6 16. Bf2 Nfd7 17. Nb5 Rc4 18. Nc3 Bxc3 19. bxc3 Qxc3 20. Rad1 Rfc8 21. Bh4 Qb4 22. Bxe7 Rc2 23. Qf3 Nc4 24. e5 Nd2 25. Rxd2 Rxd2 26. e6 fxe6 27. dxe6 Nf8 28. Qe3 Rcc2 29. Bf3 Qb2 30. Re1 Rh2 31. Qe4 Qb6+ 32. Qe3 Qb2 33. Qe4 Rc7 34. Bh4 Rxh3 35. Bf2 Re7 36. Bg2 Ra3 37. Bd4 Qxa2 38. f5 Qd2 39. Rf1 Ra4 40. f6 Rxd4 41. fxe7 1-0

[Event "Moscow-ch"]
[Site "Moscow"]
[Date "1999.??.??"]
[Round "3"]
[White "Frog, Ilya"]
[Black "Shchekachev, Andrei"]
[Result "1/2-1/2"]
[WhiteElo "2415"]
[BlackElo "2512"]
[PlyCount "81"]
[EventDate "1999.??.??"]
[Source "www.chesslib.no"]
[SourceDate "2004.05.04"]

1. d4 Nf6 2. c4 g6 3. Nc3 Bg7 4. e4 d6 5. Nf3 O-O 6. Be3 Na6 7. Be2 e5 8. d5 Ng4 9. Bg5 f6 10. Bh4 h5 11. Nd2 c5 12. h3 Nh6 13. g4 hxg4 14. hxg4 Nf7 15. Qc2 Nb4 16. Qb3 Bh6 17. O-O-O Kg7 18. Kb1 Bf4 19. Bg3 Rh8 20. Bxf4 exf4 21. a3 Na6 22. Nb5 Bd7 23. Qf3 g5 24. Rxh8 Qxh8 25. Rh1 Qg8 26. Qh3 Bxb5 27. cxb5 Nc7 28. a4 Re8 29. Bd3 Kf8 30. Nc4 Ke7 31. Qh7 Qxh7 32. Rxh7 Rh8 33. Rxh8 Nxh8 34. f3 b6 35. Kc2 Nf7 36. Kd2 Kd7 37. Kc3 Kc8 38. b4 cxb4+ 39. Kxb4 Ne5 40. Be2 Kd7 41. a5 1/2-1/2

[Event "Homenaje a la Bandera, Rosario ARG"]
[Site "?"]
[Date "2001.??.??"]
[Round "4"]
[White "Peralta, F."]
[Black "Sorin, A."]
[Result "1/2-1/2"]
[WhiteElo "2415"]
[BlackElo "2510"]
[PlyCount "56"]
[EventDate "2001.??.??"]
[Source "www.chesslib.no"]
[SourceDate "2004.05.04"]

1. d4 Nf6 2. c4 g6 3. Nc3 Bg7 4. e4 d6 5. Nf3 O-O 6. Be3 c6 7. Be2 a6 8. O-O b5 9. Nd2 Nbd7 10. b4 a5 11. a3 axb4 12. axb4 Rxa1 13. Qxa1 bxc4 14. Nxc4 Nb6 15. Na5 Bd7 16. Rc1 Qb8 17. f3 Rc8 18. Nd1 Rc7 19. Nf2 Nc8 20. Nd3 Na7 21. Rc2 Nb5 22. Qc1 Ne8 23. e5 Qa8 24. f4 Qa6 25. Nf2 f6 26. exd6 exd6 27. Ne4 f5 28. Nc3 Qc8 1/2-1/2

[Event "USA-op"]
[Site "Dearborn"]
[Date "1992.??.??"]
[Round "12"]
[White "Strauss, David J"]
[Black "Fedorowicz, John P"]
[Result "1/2-1/2"]
[WhiteElo "2395"]
[BlackElo "2530"]
[PlyCount "21"]
[EventDate "1992.??.??"]
[Source "www.chesslib.no"]
[SourceDate "2004.05.04"]

1. Nf3 Nf6 2. c4 g6 3. Nc3 Bg7 4. e4 d6 5. d4 O-O 6. Be3 e5 7. dxe5 dxe5 8. Qxd8 Rxd8 9. Nd5 Rd7 10. Nxf6+ Bxf6 11. c5 1/2-1/2

[Event "NED Team Ch"]
[Site "NED"]
[Date "1993.??.??"]
[Round "4"]
[White "Cifuentes Parada, Roberto"]
[Black "Scheeren, Peter"]
[Result "1/2-1/2"]
[WhiteElo "2480"]
[BlackElo "2435"]
[PlyCount "81"]
[EventDate "1993.??.??"]
[Source "www.chesslib.no"]
[SourceDate "2004.05.04"]

1. d4 Nf6 2. Nf3 g6 3. c4 Bg7 4. Nc3 O-O 5. e4 d6 6. Be3 e5 7. dxe5 dxe5 8. Qxd8 Rxd8 9. Nd5 Rd7 10. Nxf6+ Bxf6 11. c5 Nc6 12. Bb5 Rd8 13. Bxc6 bxc6 14. Nd2 a5 15. O-O-O Bg4 16. f3 Be6 17. a4 Rdb8 18. Kc2 Rb4 19. b3 Be7 20. Ra1 Rab8 21. Rab1 h6 22. h4 Kg7 23. Kc3 g5 24. hxg5 Bxg5 25. Bxg5 hxg5 26. Rh5 Kf6 27. Rbh1 Bxb3 28. Rh6+ Ke7 29. Rxc6 R8b7 30. Ra6 Rxa4 31. Rb1 Ra3 32. Rxb3 Rbxb3+ 33. Nxb3 a4 34. Kc4 Rxb3 35. Rxa4 Rb2 36. Ra7 Kd7 37. Kd5 Rd2+ 38. Kxe5 Rxg2 39. Ra6 g4 40. Rf6 Ke7 41. fxg4 1/2-1/2

[Event "Caciulata"]
[Site "Calimanesti"]
[Date "1992.??.??"]
[Round "?"]
[White "Ghitescu, Theodor"]
[Black "Timoshenko, Georgy"]
[Result "1-0"]
[WhiteElo "2435"]
[BlackElo "2480"]
[PlyCount "59"]
[EventDate "1992.??.??"]
[Source "www.chesslib.no"]
[SourceDate "2004.05.04"]

1. d4 Nf6 2. c4 g6 3. Nc3 Bg7 4. e4 d6 5. Nf3 O-O 6. Be3 Ng4 7. Bg5 h6 8. Bh4 c5 9. d5 b5 10. cxb5 a6 11. h3 Ne5 12. Nxe5 Bxe5 13. Qd2 Kh7 14. a4 Qc7 15. Be2 axb5 16. Bxb5 Na6 17. O-O Nb4 18. f4 Bg7 19. Bc4 Ba6 20. Nb5 Qd7 21. Rae1 e6 22. dxe6 fxe6 23. f5 exf5 24. exf5 Rxf5 25. Re7 Rxf1+ 26. Bxf1 Qf5 27. Qxd6 Rf8 28. Bc4 Bxb5 29. axb5 Kh8 30. Rxg7 1-0

[Event "ROM-chT"]
[Site "Timisu de Sus"]
[Date "1998.??.??"]
[Round "3"]
[White "Florean, Andrei"]
[Black "Itkis, Boris"]
[Result "1/2-1/2"]
[WhiteElo "2450"]
[BlackElo "2465"]
[PlyCount "36"]
[EventDate "1998.11.??"]
[Source "www.chesslib.no"]
[SourceDate "2004.05.04"]

1. d4 Nf6 2. c4 g6 3. Nc3 Bg7 4. e4 d6 5. Nf3 O-O 6. Be3 c6 7. h3 a6 8. Be2 b5 9. e5 Nfd7 10. exd6 exd6 11. O-O Nf6 12. a4 bxc4 13. Bxc4 a5 14. Rc1 Nbd7 15. Qc2 Nb6 16. Bd3 Be6 17. Ng5 Qd7 18. Ne2 Rfc8 1/2-1/2

[Event "DSV-Turnier"]
[Site "Berlin East"]
[Date "1982.??.??"]
[Round "13"]
[White "Ghitescu, Theodor"]
[Black "Vogt, Lothar"]
[Result "1/2-1/2"]
[WhiteElo "2425"]
[BlackElo "2490"]
[PlyCount "103"]
[EventDate "1982.10.??"]
[Source "ChessBase"]

1. d4 Nf6 2. c4 g6 3. Nc3 Bg7 4. e4 d6 5. Nf3 O-O 6. Be3 Nbd7 7. h3 e5 8. d5 Nc5 9. Nd2 a5 10. Be2 Ne8 11. h4 f5 12. h5 Na6 13. Nf3 f4 14. Bc1 g5 15. Nh2 Nf6 16. Ng4 h6 17. b3 Nxg4 18. Bxg4 Qf6 19. Bxc8 Raxc8 20. Rh3 Qe7 21. Qg4 Nb4 22. Kd1 Na6 23. Ba3 Rce8 24. Rd3 b6 25. Nb5 Qd8 26. f3 Nb8 27. b4 axb4 28. Bxb4 Nd7 29. a4 Nf6 30. Qh3 g4 31. Qh4 Qe7 32. a5 bxa5 33. Rxa5 Ra8 34. Rda3 Rxa5 35. Rxa5 gxf3 36. gxf3 Nxd5 37. Qxe7 Nxe7 38. Ra6 Rb8 39. Kc2 Rb7 40. Ba5 d5 41. Ra7 Rxa7 42. Nxa7 dxe4 43. fxe4 c6 44. Kd3 Kf7 45. Bb4 Ng8 46. Nxc6 Ke6 47. c5 Kd7 48. Na5 Nf6 49. Nc4 Nxh5 50. Bc3 Kc6 51. Nxe5+ Kxc5 52. Bd4+ 1/2-1/2

[Event "Summer Festival Open"]
[Site "?"]
[Date "2000.08.23"]
[Round "3"]
[White "Santos Carlos P"]
[Black "Kazhgaleyev Murtas"]
[Result "1/2-1/2"]
[WhiteElo "2385"]
[BlackElo "2526"]
[PlyCount "83"]
[EventDate "2000.??.??"]
[Source "www.chesslib.no"]
[SourceDate "2004.05.04"]

1. d4 Nf6 2. c4 g6 3. Nc3 Bg7 4. e4 O-O 5. Nf3 d6 6. Be3 Na6 7. Be2 e5 8. d5 Ng4 9. Bg5 f6 10. Bh4 Qe8 11. Nd2 f5 12. Bxg4 fxg4 13. Bg5 Nc5 14. Nb3 Qf7 15. O-O b6 16. Nxc5 bxc5 17. a3 a5 18. b4 axb4 19. axb4 Rxa1 20. Qxa1 cxb4 21. Nb5 Bd7 22. Qa4 Bf6 23. Be3 h5 24. Qxb4 h4 25. Nxc7 Be7 26. Ne6 Bxe6 27. dxe6 Qxe6 28. Qb7 g3 29. Qd5 Qxd5 30. exd5 gxf2+ 31. Rxf2 Rb8 32. Ra2 Rb3 33. Kf2 Rc3 34. Ra7 Kf8 35. Rc7 Ke8 36. Rc6 Kd7 37. Bb6 Bg5 38. Rc7+ Ke8 39. Rc8+ Kf7 40. Rc6 e4 41. Rc7+ Ke8 42. Rc8+ 1/2-1/2

[Event "Parcetic Memorial 9th"]
[Site "Sombor"]
[Date "1980.09.??"]
[Round "12"]
[White "Nogueiras, Jesus"]
[Black "Tringov, Georgi P"]
[Result "1/2-1/2"]
[WhiteElo "2455"]
[BlackElo "2455"]
[PlyCount "21"]
[EventDate "1980.09.12"]
[Source "www.chesslib.no"]
[SourceDate "2004.05.04"]

1. Nf3 Nf6 2. d4 g6 3. c4 Bg7 4. Nc3 O-O 5. e4 d6 6. Be3 c6 7. h3 a6 8. c5 b5 9. cxb6 Qxb6 10. Qd2 Nbd7 11. Bd3 1/2-1/2

[Event "Clarin GP op"]
[Site "Villa Martelli"]
[Date "1997.??.??"]
[Round "3"]
[White "Soppe, Guillermo"]
[Black "Fiorito, Fabian"]
[Result "1-0"]
[WhiteElo "2440"]
[BlackElo "2465"]
[PlyCount "73"]
[EventDate "1997.??.??"]
[Source "www.chesslib.no"]
[SourceDate "2004.05.04"]

1. Nf3 g6 2. c4 Bg7 3. Nc3 d6 4. d4 Nf6 5. e4 O-O 6. Be3 Nbd7 7. Nd2 c6 8. Be2 a6 9. O-O b5 10. b4 e6 11. d5 cxd5 12. cxd5 Ne8 13. a4 f5 14. f3 bxa4 15. Rxa4 Bf6 16. Nc4 f4 17. Bf2 Bh4 18. Qe1 Bxf2+ 19. Qxf2 Qc7 20. Rc1 Nef6 21. Raa1 Qb8 22. Na4 Ra7 23. Nxd6 Rc7 24. Rxc7 Qxc7 25. Nc4 Qb8 26. Ncb6 g5 27. Rc1 g4 28. Nxc8 Rxc8 29. Rxc8+ Qxc8 30. Nc5 a5 31. Nxd7 Nxd7 32. bxa5 Qc1+ 33. Bf1 Nc5 34. Qe2 g3 35. a6 Nb3 36. Kh1 Qa3 37. d6 1-0

[Event "EU-Cup Gr2"]
[Site "Montana Crans"]
[Date "1976.01.12"]
[Round "1.8"]
[White "Vaisman, Volodia"]
[Black "Pinter, Jozsef"]
[Result "1/2-1/2"]
[WhiteElo "2485"]
[BlackElo "2420"]
[PlyCount "98"]
[EventDate "1976.01.??"]
[Source "www.chesslib.no"]
[SourceDate "2004.05.04"]

1. Nf3 Nf6 2. c4 g6 3. Nc3 Bg7 4. e4 d6 5. d4 O-O 6. Be3 e5 7. dxe5 dxe5 8. Qxd8 Rxd8 9. Nd5 Rd7 10. O-O-O Nc6 11. Nxf6+ Bxf6 12. Be2 Rxd1+ 13. Rxd1 Kg7 14. Nd2 Be6 15. Nb3 b6 16. h3 Rd8 17. Rxd8 Bxd8 18. c5 Be7 19. cxb6 axb6 20. Nd2 Nd4 21. Bc4 Bd7 22. a3 Ba4 23. f4 f6 24. fxe5 fxe5 25. Nf3 Nxf3 26. gxf3 Bd7 27. Bf1 h6 28. Kc2 Bg5 29. Bxg5 hxg5 30. Kc3 Kf6 31. Kc4 Ke6 32. b4 Ba4 33. Be2 Bd7 34. Bf1 Kd6 35. Kb3 Be6+ 36. Kc3 Bd7 37. Kb3 b5 38. Kc3 Kc6 39. Kd3 Kd6 40. Ke3 c5 41. Kd2 Kc6 42. Kc2 Be6 43. Kc3 Kb6 44. Kc2 Ba2 45. Kb2 Be6 46. Kc3 Kc6 47. Kc2 cxb4 48. axb4 Bc4 49. Bg2 Kd6 1/2-1/2

[Event "AUT Team Ch"]
[Site "Austria"]
[Date "1992.??.??"]
[Round "?"]
[White "Robatsch, Karl"]
[Black "Uhlmann, Wolfgang"]
[Result "1/2-1/2"]
[WhiteElo "2410"]
[BlackElo "2495"]
[PlyCount "68"]
[EventDate "1992.??.??"]
[Source "www.chesslib.no"]
[SourceDate "2004.05.04"]

1. Nf3 Nf6 2. c4 g6 3. Nc3 Bg7 4. e4 d6 5. d4 O-O 6. Be3 c6 7. Be2 e5 8. d5 cxd5 9. cxd5 Ng4 10. Bc1 f5 11. O-O Na6 12. Nd2 Nf6 13. Bxa6 bxa6 14. Qa4 Rb8 15. Nc4 Nxe4 16. Nxe4 fxe4 17. Qa3 Rb5 18. Nxd6 Rxd5 19. Nxc8 Qxc8 20. Qb3 Qe6 21. Be3 Qf7 22. Bxa7 Rb5 23. Qxf7+ Rxf7 24. Be3 Rxb2 25. Rfc1 h5 26. Rc6 Kh7 27. Rxa6 Bh6 28. Ra7 Rxa7 29. Bxa7 Bd2 30. h3 Bc3 31. a4 Rb3 32. Rc1 Ra3 33. g3 Bd4 34. Rc7+ Kg8 1/2-1/2

[Event "Boavista Masters"]
[Site "Porto"]
[Date "2000.01.02"]
[Round "6"]
[White "Santos, Carlos P"]
[Black "Strikovic, Aleksa"]
[Result "0-1"]
[WhiteElo "2383"]
[BlackElo "2518"]
[PlyCount "75"]
[EventDate "1999.12.27"]
[Source "www.chesslib.no"]
[SourceDate "2004.05.04"]

1. d4 Nf6 2. c4 g6 3. Nc3 Bg7 4. e4 d6 5. Nf3 O-O 6. Be3 Nbd7 7. Nd2 e5 8. d5 Ne8 9. g4 Bf6 10. h4 Ng7 11. Be2 Bxh4 12. Nf3 Be7 13. Qd2 Nf6 14. Nh2 h5 15. f3 Nh7 16. O-O-O Bg5 17. Nf1 Bd7 18. Kb1 Qf6 19. Rc1 Bf4 20. Bxf4 exf4 21. gxh5 Nxh5 22. Nb5 a6 23. Nd4 Qe7 24. Bd3 N7f6 25. Ne2 Qe5 26. Nh2 Kg7 27. Rcg1 Rh8 28. Nf1 Rh6 29. Rg2 c5 30. dxc6 Bxc6 31. Bc2 Rah8 32. Rhg1 Nh7 33. Nh2 Bd7 34. Ng4 Bxg4 35. Rxg4 Ng3 36. Nxf4 Nxe4 37. Nh5+ Rxh5 38. Qe3 0-1

[Event "Andorra Open"]
[Site "Andorra"]
[Date "1991.??.??"]
[Round "?"]
[White "Cifuentes Parada, Roberto"]
[Black "Zarnicki, Pablo A"]
[Result "1/2-1/2"]
[WhiteElo "2510"]
[BlackElo "2390"]
[PlyCount "80"]
[EventDate "1991.06.??"]
[Source "www.chesslib.no"]
[SourceDate "2004.05.04"]

1. d4 Nf6 2. Nf3 g6 3. c4 Bg7 4. Nc3 O-O 5. e4 d6 6. Be3 e5 7. dxe5 dxe5 8. Qxd8 Rxd8 9. Nd5 Rd7 10. Nxf6+ Bxf6 11. c5 Nc6 12. Bb5 Rd8 13. Bxc6 bxc6 14. Nd2 Be6 15. Ke2 Rdb8 16. b3 a5 17. Rhb1 Kg7 18. Kd3 h6 19. a3 Bg5 20. Kc3 Bxe3 21. fxe3 Rd8 22. Nf3 f6 23. Rd1 Rdb8 24. Nd2 Kf7 25. Nc4 Ke7 26. b4 axb4+ 27. axb4 Rxa1 28. Rxa1 Bxc4 29. Kxc4 Ke6 30. Ra6 Kd7 31. g4 Rc8 32. Kc3 Rb8 33. Kc4 Rc8 34. h3 h5 35. b5 cxb5+ 36. Kxb5 c6+ 37. Kc4 h4 38. Ra1 g5 39. Rd1+ Ke7 40. Rd6 Rc7 1/2-1/2